000 00763nam a2200253Ia 4500
003 OSt
005 20221006153336.0
006 a|||||r|||| 00| 0
007 ta
008 221006b |||||||| |||| 00| 0 jpn d
024 _a32,059
037 _bGift, Japan Foundation
_cTextual
040 _aEASL
_cEASL
_bjpn
041 _2jpn
_ajpn
082 _aP42, N2.1-.2
100 _aHONG KONG, CHUBUN DAIGAKU NIHON KENKYU GAKKA
_9663493
245 0 _aNihongo, 2 Vols.
260 _aHong Kong
_bHong Chubun Daigaku Nihon Kenkyu
_c1992
300 _a1-227-430p.
_ccm.
490 _v V.1JL
650 _aJL
942 _hP42, N2.1-.2
_cTEXL
_2CC
999 _c1100145
_d1100145